Score 0/14 Timer 03:00
0 Plays Today
% Correct
Lesson
96.9%
Comparison
96.5%
Treason
96.3%
Bison
96.3%
Arson
95.9%
Crimson
95.8%
Poison
95.6%
% Correct
Prison
95.1%
Venison
94.5%
Mason
94.4%
Liaison
92.4%
Garrison
89.2%
Frisson
86.2%
Caisson
80.3%
Remove Ads.
Support Sporcle.
Get the best of Sporcle when you Go Orange. This ad-free experience offers more features, more stats, and more fun while also helping to support Sporcle. Thank you for becoming a member.

You're not logged in!

Compare scores with friends on all Sporcle quizzes.
OR
Log In

Show Comments

Extras

Top Quizzes Today


Score Distribution

Your Account Isn't Verified!

In order to create a playlist on Sporcle, you need to verify the email address you used during registration. Go to your Sporcle Settings to finish the process.

Report this User

Report this user for behavior that violates our Community Guidelines.

Details: